प्रघाती तरेंगे और मानव / (Record no. 121915)

MARC details
000 -LEADER
fixed length control field 01054nam a22002417a 4500
010 ## - LIBRARY OF CONGRESS CONTROL NUMBER
LC control number A-169915
020 ## - INTERNATIONAL STANDARD BOOK NUMBER
Terms of availability 40.00
035 ## - SYSTEM CONTROL NUMBER
System control number A-169915
037 ## - SOURCE OF ACQUISITION
Stock number Cen Lib/Ret
040 ## - CATALOGING SOURCE
Original cataloging agency DPL
Language of cataloging EN
082 ## - DEWEY DECIMAL CLASSIFICATION NUMBER
Classification number 531.3
Item number ग्लासइ
100 ## - MAIN ENTRY--PERSONAL NAME
Personal name ग्लास, इरवन इजरायल
9 (RLIN) 115239
245 ## - TITLE STATEMENT
Title प्रघाती तरेंगे और मानव /
Statement of responsibility, etc इरवन इजरायल ग्लास ; अनुवादक सी. एल. गर्ग, एच. गुप्ता
246 ## - VARYING FORM OF TITLE
Title proper/short title Shock waves and man /
260 ## - PUBLICATION, DISTRIBUTION, ETC. (IMPRINT)
Place of publication, distribution, etc गाजियाबाद ;
Name of publisher, distributor, etc भगीरथ सेवा संस्थान,
Date of publication, distribution, etc 1983
270 ## - ADDRESS
Address राजनगर गाजियाबाद
City गाजियाबाद
Postal code 201002
300 ## - PHYSICAL DESCRIPTION
Extent 186p ;
Other physical details 24cm(Hb)
650 ## - SUBJECT ADDED ENTRY--TOPICAL TERM
Topical term or geographic name as entry element Shock waves.
9 (RLIN) 34608
650 ## - SUBJECT ADDED ENTRY--TOPICAL TERM
Topical term or geographic name as entry element Acoustic phenomena in nature.
9 (RLIN) 115240
700 ## - ADDED ENTRY--PERSONAL NAME
Personal name गर्ग, सी. एल.
9 (RLIN) 73
700 ## - ADDED ENTRY--PERSONAL NAME
Personal name गुप्ता, एच. सी.
9 (RLIN) 115241
942 ## - ADDED ENTRY ELEMENTS (KOHA)
Source of classification or shelving scheme Dewey Decimal Classification
Koha item type English Books
Classification part 531.3
Call number suffix ग्लासइ
Holdings
Withdrawn status Lost status Source of classification or shelving scheme Damaged status Not for loan Home library Current library Date acquired Source of acquisition Cost, normal purchase price Total Checkouts Full call number Barcode Date last seen Copy number Cost, replacement price Price effective from Koha item type
    Dewey Decimal Classification     Central Library Central Library 29/12/2015 Cen Lib/Ret 40.00   531.3 ग्लासइ A-169915 29/12/2015 1 40.00 29/12/2015 Hindi Books

© Delhi Public Library
Hit Counter
free hit counter